Analogia (L'), la proporzione, la simmetria (Record n. 65450)

Dettagli MARC
000 -LEADER
fixed length control field 01317nam a2200301Ia 4500
001 - CONTROL NUMBER
control field 475
003 - CONTROL NUMBER IDENTIFIER
control field IT-RoPAU
008 - FIXED-LENGTH DATA ELEMENTS--GENERAL INFORMATION
fixed length control field 130308s9999 xx 000 0 und d
040 ## - CATALOGING SOURCE
Original cataloging agency IT-RoPAU
040 ## - CATALOGING SOURCE
Transcribing agency IT-RoPAU
041 ## - LANGUAGE CODE
Language code of text/sound track or separate title ITALIANO
999 ## - SYSTEM CONTROL NUMBERS (KOHA)
Koha Dewey Subclass [OBSOLETE] SI
100 ## - MAIN ENTRY--PERSONAL NAME
Personal name Melandri Enzo
100 ## - MAIN ENTRY--PERSONAL NAME
Miscellaneous information Codice Aut. SPICS: 3909
245 ## - TITLE STATEMENT
Title Analogia (L'), la proporzione, la simmetria
245 ## - TITLE STATEMENT
Remainder of title Analogia (L'), la Proporzione, la Simmetria
250 ## - EDITION STATEMENT
Edition statement 1a ed.
260 ## - PUBLICATION, DISTRIBUTION, ETC. (IMPRINT)
Place of publication, distribution, etc. MILANO
260 ## - PUBLICATION, DISTRIBUTION, ETC. (IMPRINT)
Name of publisher, distributor, etc. ISEDI
260 ## - PUBLICATION, DISTRIBUTION, ETC. (IMPRINT)
Date of publication, distribution, etc. 1974 [1° Ed.:1974 - Ed.Ling.Originale:1974]
300 ## - PHYSICAL DESCRIPTION
Extent "186 p. (prefazione: no ; testo: 186)"
500 ## - GENERAL NOTE
General note Funzioni dell'Analogia forme dell'Analogia Struttura dell'Analogia Rapporto Forma Contenuto Analogia e Induzione paradigma Generalizzazione Induzionesintesi e Analisi Chiasma Ontologico Analogia e Deduzione Logica e Analogia formalismo e Intuizionismo Identico e Differente Predicazione ed Espressione ipotesiMonovalente Analogia e Complementarità Linea e Circolo Contrarietà e Contraddittorietà Analogia e paradigma Ordinatori Naturali e Artificiali Logica Modale Individuazione Analogia e Percezione Ermeneutica del Percipiente leggi di Simmetria
650 ## - SUBJECT ADDED ENTRY--TOPICAL TERM
Topical term or geographic name as entry element LOGICA FILOSOFICA
650 ## - SUBJECT ADDED ENTRY--TOPICAL TERM
Relator term Codice materia Spics: 3151
942 ## - ADDED ENTRY ELEMENTS (KOHA)
Koha item type LIBRO
957 ## -
-- 1
999 ## - SYSTEM CONTROL NUMBERS (KOHA)
-- 1
Dati di copia
Withdrawn status Lost status Damaged status Not for loan Home library Current library Date acquired Total Checkouts Full call number Date last seen Price effective from Koha item type Public note
    Buone Condizioni Not For Loan SPICS-MEDIATECA SPICS-MEDIATECA 08/03/2013   475 08/03/2013 08/03/2013 LIBRO Progressivo inserimento: 1944 / N. Volumi: 1 Copie: 1 Copia Rara: SI / data import: 1 marzo 2013 - By Epidotti, Trombetti, Vaglietti.
CREDITS: SOCIETA' SAN PAOLO Via A.Severo, 58 - ROMA (RM) & PERIODICI SAN PAOLO SRL Via Giotto, 36 MILANO & CISF Via Giotto, 36 MILANO & EDIZIONI SAN PAOLO SRL,  Piazza Soncino, 5 CINISELLO BALSAMO (MI) -- ITALY